000 00198 a2200097 4500
020 _a9780679883425
041 _aeng
100 _aBarbara Park
245 _aJunie b Jones is not a crook
942 _cBK
999 _c30740
_d30738